000 00701nam a2200253 i 4500
999 _c39073
_d39073
001 C2-0128908
003 PPAK
005 20190312142311.0
008 970928s1994 my a|||| ||||| | eng d
020 _a9838651338
040 _aPPAK
_beng
_cPPAK
_erda
082 0 4 _a428.6
_223
090 0 0 _a428.6
_bREA
_dK
245 0 0 _aReal flower and paper flower
264 1 _aKuala Lumpur :
_bPerfect Frontier ,
_c1994
300 _a22 pages :
_bcolour illustrations ;
_c22 cm
336 _2rdacontent
_atext
337 _2rdamedia
_aunmediated
338 _2rdacarrier
_avolume
490 1 _aLot of fun reading series B
650 1 0 _aReaders
830 0 _aLot of fun reading series B
942 _cB
_2ddc